000 01614cam a2200289 4500500
005 20251228070521.0
041 _afre
042 _adc
100 1 0 _aDubois, Adrien
_eauthor
245 0 0 _aPendaison d’une peau de bœuf à Falaise en 1388
260 _c2018.
500 _a12
520 _aL’édition de la quittance du bourreau de Falaise qui a pendu la peau d’un bœuf en 1388 vise à apporter un nouvel élément au dossier des procès intentés à la fin du Moyen Âge contre des animaux. Cet exemple pose en particulier la question de la responsabilité pénale qui est mise en cause : plus que celle de l’animal, il pourrait bien s’agir de celle de son propriétaire.
520 _aThe publication of the receipt of the hangman of Falaise who hung a cowhide in 1388 aims to bring a new element to the file of the lawsuits instituted in the Late Middle Ages against animals. This example raises, in particular, the issue of criminal responsibility which is called into question : more than that of the animal, it could well be that of its owner’s.
690 _aexemplarité de la justice
690 _aFalaise
690 _afin du Moyen Âge
690 _aprocès d’animaux
690 _aresponsabilité pénale
690 _aanimal trials
690 _acriminal responsibility
690 _aexemplary justice
690 _aFalaise
690 _aLate Middle Ages
786 0 _nAnnales de Normandie | 68e aée | 2 | 2018-12-11 | p. 167-171 | 0003-4134
856 4 1 _uhttps://shs.cairn.info/revue-annales-de-normandie-2018-2-page-167?lang=fr&redirect-ssocas=7080
999 _c1592996
_d1592996